[Event "COL-ch Amateur U2000"]
[Site "Bogota"]
[Date "2017.03.05"]
[Round "7"]
[White "Sandoval Fuquen, Janneth Katherin"]
[Black "Viancha, Wilfredo"]
[Result "1-0"]
[WhiteElo "1732"]
[BlackElo "1834"]
[PlyCount "38"]
[EventDate "2017.03.02"]
[EventType "swiss"]
[EventRounds "7"]
[EventCountry "COL"]
[SourceTitle "CBM 177 Extra"]
[Source "ChessBase"]
[SourceDate "2017.04.27"]
[SourceVersion "1"]
[SourceVersionDate "2017.04.27"]
[SourceQuality "1"]

1. d4 Nf6 2. Nf3 e6 3. Bf4 d5 4. e3 Nbd7 5. Nbd2 c5 6. c3 c4 7. Be2 Be7 8. h3 b5 9. 0-0 Nb6 10. Ne5 Bd7 11. Qc2 Rc8 12. e4 0-0 13. Bh2 b4 14. exd5 Nbxd5 15. Ndxc4 bxc3 16. bxc3 Bb5 17. Rfc1 Bxc4 18. Bxc4 Rxc4 19. Nxc4 Qc7 1-0

[Event "COL-ch Amateur U2000"]
[Site "Bogota"]
[Date "2017.03.05"]
[Round "6"]
[White "Viancha, Wilfredo"]
[Black "Ribero, Guillermo Andres"]
[Result "0-1"]
[WhiteElo "1834"]
[BlackElo "1888"]
[PlyCount "90"]
[EventDate "2017.03.02"]
[EventType "swiss"]
[EventRounds "7"]
[EventCountry "COL"]
[SourceTitle "CBM 177 Extra"]
[Source "ChessBase"]
[SourceDate "2017.04.27"]
[SourceVersion "1"]
[SourceVersionDate "2017.04.27"]
[SourceQuality "1"]

1. e4 c5 2. Nf3 d6 3. c3 Nf6 4. Bc4 g6 5. d3 Bg7 6. Be3 Bd7 7. Qb3 0-0 8. Qxb7 Nc6 9. Qb3 Na5 10. Qc2 Nxc4 11. dxc4 Bc6 12. Nbd2 Qc7 13. b4 cxb4 14. cxb4 Qb7 15. b5 Bxe4 16. Nxe4 Nxe4 17. Rc1 Bc3+ 18. Kf1 Bf6 19. Nd4 Bxd4 20. Bxd4 e5 21. Be3 Rfc8 22. h4 d5 23. Qb3 dxc4 24. Rxc4 Rxc4 25. Qxc4 Nd6 26. Qc5 Qxb5+ 27. Qxb5 Nxb5 28. h5 Nc3 29. a3 Rb8 30. g4 a6 31. Kg2 Nb1 32. Bc5 Rb3 33. h6 f6 34. Rd1 Rb7 35. Rd8+ Kf7 36. Rh8 Ke6 37. Rg8 f5 38. g5 f4 39. Re8+ Kf5 40. Bb4 a5 41. Bc5 Nd2 42. Be7 e4 43. Bf6 Kg4 44. Re5 Nf3 45. Rxa5 Rb1 0-1

[Event "COL-ch sf"]
[Site "Medellin"]
[Date "2014.??.??"]
[Round "3"]
[White "Suarez Zapata, Hernando"]
[Black "Viancha, Wilfredo"]
[Result "0-1"]
[WhiteElo "1908"]
[BlackElo "1708"]
[PlyCount "46"]
[EventDate "2014.04.15"]
[EventType "swiss"]
[EventRounds "11"]
[EventCountry "COL"]
[SourceTitle "CBM 160 Extra"]
[Source "ChessBase"]
[SourceDate "2014.07.01"]
[SourceVersion "1"]
[SourceVersionDate "2014.07.01"]
[SourceQuality "1"]

1. e4 e6 2. d4 d5 3. Nd2 c5 4. Ngf3 Nc6 5. dxc5 Nf6 6. exd5 exd5 7. Be2 Bxc5 8. 0-0 0-0 9. Nb3 Bb6 10. Bg5 Bf5 11. c3 Rc8 12. Qd2 Re8 13. Rae1 Qd7 14. Bxf6 gxf6 15. Qh6 Qd6 16. Bb5 Kh8 17. Nbd4 Bg6 18. h4 Bc7 19. g3 Rg8 20. Kh2 Be4 21. Bxc6 Rxg3 22. Nb5 Rg6+ 23. Nxd6 Bxd6+ 0-1